000 01344nam a22003497a 4500
003 CHAP
005 20220329143407.0
008 090219s2008 mx r 00010 spa d
010 _a95931
011 _a96903
035 _a107560
040 _cCHAP
090 _aTesis
100 0 0 _aLoza Peña, Álvaro.
_968713
245 1 0 _aCambio técnico en la agricultura :
_bperspectivas de reconversión productiva en el Estado de Tlaxcala, México
_c/por Álvaro Loza Peña
260 _aChapingo, Méx. :
_bEl autor,
_c2008
300 _a337 h. :
_bcuadros, gráfs.
502 _aTesis (Ph.D. en Ciencias Agrarias) -- UACH. Departamento de Sociología Rural
590 _aALEPH
_b10
_c20130110
_lUCH01
_h1527
590 _aBATCH-UPD
_b10
_c20130110
_lUCH01
_h0809
590 _aBATCH-UPD
_b10
_c20130410
_lUCH01
_h0447
590 _aBATCH-UPD
_b10
_c20130914
_lUCH01
_h0058
590 _aCONVERSION
_b10
_c20130109
_lUCH01
_h1353
650 1 4 _aAgricultura
_xTransferencia de tecnología.
_91885
650 1 4 _aOrganización de productores.
_983544
650 1 4 _aPlantas oleaginosas
_zMéxico.
_989055
650 1 4 _aTlaxcala
_xCondiciones rurales.
_9113469
901 _aBK
942 _cFOLL
949 _aTesis
_bBC
_cTES
_d33724002084819
_eTS1
_gDonaciØn
_h48965
_i107560
_sb
949 _aTesis
_bBC
_cTES
_d33724002084850
_eTS2
_fc.2
_gDonaciØn
_h48966
_i107560
_si
999 _c95931
_d95931